[Event "2 IECC, Ohrid"]
[Site "Ohrid MKD"]
[Date "2001.06.10"]
[Round "9.50"]
[White "Epishin, Vladimir"]
[Black "Wells, Peter"]
[Result "1/2-1/2"]
[WhiteElo "2579"]
[BlackElo "2522"]
[EventDate "2001.06.01"]
[PlyCount "68"]

1.d4 Nf6 2.c4 e6 3.Nc3 Bb4 4.e3 O-O 5.Ne2 Re8 6.a3 Bf8 7.d5 d6 8.g3 exd5 
9.cxd5 c5 10.dxc6 bxc6 11.Bg2 d5 12.O-O Nbd7 13.Qc2 Ne5 14.Rd1 Qb6 15.h3 
g6 16.Nd4 c5 17.Na4 Qd6 18.Nb5 Qc6 19.Nbc3 Bxh3 20.Bxh3 Nf3+ 21.Kf1 d4 22.
e4 dxc3 23.Nxc3 Nxe4 24.Qa4 Ned2+ 25.Bxd2 Nxd2+ 26.Kg1 Nf3+ 27.Kg2 Nh4+ 
28.Kg1 Nf3+ 29.Kg2 Qb7 30.Qb5 Nh4+ 31.Kg1 Nf3+ 32.Kg2 Nh4+ 33.Kg1 Nf3+ 34.
Kg2 Nh4+ 1/2-1/2

[Event "2 IECC, Ohrid"]
[Site "Ohrid MKD"]
[Date "2001.06.10"]
[Round "9.52"]
[White "Hulak, Krunoslav"]
[Black "Savchenko, Stanislav"]
[Result "0-1"]
[WhiteElo "2564"]
[BlackElo "2517"]
[EventDate "2001.06.01"]
[PlyCount "88"]

1.g3 e5 2.c4 Nf6 3.Bg2 c6 4.Nf3 e4 5.Nd4 d5 6.d3 Bc5 7.Nb3 Bb4+ 8.Bd2 
Bxd2+ 9.Qxd2 dxc4 10.dxc4 Qe7 11.Nc3 O-O 12.Qg5 Re8 13.Rd1 Nbd7 14.Rd4 c5 
15.Nd5 Nxd5 16.Rxd5 Qxg5 17.Rxg5 b6 18.Rd5 Nf6 19.Rd6 Bf5 20.O-O Be6 21.
Rc1 Rad8 22.Rd2 a5 23.a4 Kf8 24.h3 h5 25.Kf1 Bd7 26.Ra1 Bc6 27.Ke1 Ke7 28.
Rxd8 Rxd8 29.Ra3 Rd6 30.Nd2 Kd7 31.Re3 Bxa4 32.Bxe4 Nxe4 33.Rxe4 Bc6 34.
Re5 g6 35.h4 Re6 36.Rg5 f5 37.f3 Ke7 38.Kf2 Kf6 39.g4 hxg4 40.fxg4 f4 41.
Nb1 Re3 42.Nd2 Rh3 43.Nf3 Bxf3 44.exf3 Rxh4 0-1

[Event "2 IECC, Ohrid"]
[Site "Ohrid MKD"]
[Date "2001.06.10"]
[Round "9.58"]
[White "Torfinnsson, Bragi"]
[Black "Bezgodov, Alexei"]
[Result "0-1"]
[WhiteElo "2292"]
[BlackElo "2543"]
[EventDate "2001.06.01"]
[PlyCount "100"]

1.d4 d5 2.c4 e6 3.Nf3 c5 4.cxd5 exd5 5.g3 Nc6 6.Bg2 Nf6 7.Nc3 Be7 8.O-O 
O-O 9.Bg5 cxd4 10.Nxd4 h6 11.Be3 Re8 12.Rc1 Bf8 13.Nxc6 bxc6 14.Na4 Bd7 
15.Bd4 Ne4 16.Bxe4 dxe4 17.Qc2 Bg4 18.Be3 Qa5 19.Nc5 Bxc5 20.Bxc5 Qxa2 21.
f3 exf3 22.exf3 Be6 23.Rfe1 Rad8 24.Re2 Qd5 25.Qe4 Qxe4 26.Rxe4 Rd2 27.
Rce1 Rxb2 28.Bxa7 Ra8 29.Bd4 Rb5 30.R1e3 Ra4 31.Be5 Kh7 32.Kf2 Bc4 33.g4 
Rb3 34.Rxb3 Bxb3 35.Re1 Bd5 36.Re3 f6 37.Bd6 Kg6 38.Kg3 h5 39.h3 f5 40.
gxh5+ Kxh5 41.f4 Ra2 42.h4 Rg2+ 43.Kh3 Rg4 44.Be7 Rxf4 45.Rg3 g6 46.Ra3 
Rf1 47.Bf6 f4 48.Ra1 Be6+ 49.Kg2 Rxa1 50.Bxa1 Kxh4 0-1

[Event "2 IECC, Ohrid"]
[Site "Ohrid MKD"]
[Date "2001.06.10"]
[Round "9.60"]
[White "Atalik, Suat"]
[Black "Cyborowski, Lukasz"]
[Result "1/2-1/2"]
[WhiteElo "2537"]
[BlackElo "2450"]
[EventDate "2001.06.01"]
[PlyCount "84"]

1.d4 Nf6 2.c4 g6 3.Nf3 Bg7 4.g3 d5 5.cxd5 Nxd5 6.Bg2 Nb6 7.O-O Nc6 8.e3 
O-O 9.Nc3 Re8 10.d5 Na5 11.Nd4 Bd7 12.e4 c6 13.b3 cxd5 14.exd5 Rc8 15.Bb2 
Nbc4 16.bxc4 Qb6 17.Ne6 Nxc4 18.Nxg7 Nxb2 19.Qe2 Kxg7 20.Rab1 Rxc3 21.Rxb2
Bg4 22.Qe5+ Qf6 23.Qxf6+ Kxf6 24.Rxb7 Ra3 25.h3 Bc8 26.Rc7 Bf5 27.Rfc1 Rd8
28.g4 Bd7 29.Re1 h6 30.f4 Rxa2 31.Rb1 a5 32.Rbb7 Be8 33.Rxe7 Ra4 34.Be4 
Rd7 35.d6 Rd4 36.g5+ hxg5 37.fxg5+ Kxg5 38.Rxe8 Rxe4 39.Rxd7 Rxe8 40.Rxf7 
Rd8 41.Ra7 Rxd6 42.Rxa5+ Kf6 1/2-1/2

[Event "2 IECC, Ohrid"]
[Site "Ohrid MKD"]
[Date "2001.06.10"]
[Round "9.61"]
[White "Agrest, Evgenij"]
[Black "Mchedlishvili, Mikheil"]
[Result "1/2-1/2"]
[WhiteElo "2532"]
[BlackElo "2416"]
[EventDate "2001.06.01"]
[PlyCount "109"]

1.c4 Nf6 2.Nc3 e5 3.Nf3 Nc6 4.e3 Bb4 5.Qc2 Bxc3 6.Qxc3 Qe7 7.Be2 O-O 8.d3 
d5 9.cxd5 Nxd5 10.Qc2 Ndb4 11.Qc3 Bf5 12.e4 Bg4 13.Be3 Na6 14.Ng1 Be6 15.
h3 Nd4 16.Nf3 c5 17.a3 f6 18.Bd1 Rac8 19.O-O Rfd8 20.b3 b6 21.Ne1 Nb8 22.
Qb2 Nbc6 23.Rb1 Rc7 24.Kh2 a5 25.f3 Rcd7 26.g3 f5 27.f4 Rf8 28.Qg2 exf4 
29.gxf4 Rf6 30.e5 Rg6 31.Qf2 Bd5 32.Rg1 Rxg1 33.Qxg1 Nb5 34.Ra1 Nc3 35.Bc2
Qe6 36.Bd2 Ne2 37.Qe3 Ned4 38.b4 axb4 39.axb4 Nxc2 40.Nxc2 cxb4 41.Nxb4 
Nxb4 42.Bxb4 Rc7 43.Rc1 Qg6 44.Rg1 Rc2+ 45.Bd2 Qe6 46.h4 Ra2 47.Kh3 Ra3 
48.Qg3 Qf7 49.Rc1 h6 50.Bb4 Rb3 51.Be1 Kh7 52.Bd2 b5 53.Ba5 Be4 54.Bc3 Bd5
55.Ba5 1/2-1/2

[Event "2 IECC, Ohrid"]
[Site "Ohrid MKD"]
[Date "2001.06.10"]
[Round "9.67"]
[White "Miton, Kamil"]
[Black "Nijboer, Friso"]
[Result "1/2-1/2"]
[WhiteElo "2497"]
[BlackElo "2580"]
[EventDate "2001.06.01"]
[PlyCount "99"]

1.d4 Nf6 2.c4 g6 3.Nc3 Bg7 4.g3 O-O 5.Bg2 d6 6.Nf3 Nc6 7.O-O Rb8 8.b3 a6 
9.Nd5 Nh5 10.Bb2 e6 11.Nc3 b5 12.d5 Ne7 13.dxe6 fxe6 14.c5 dxc5 15.Qc2 Nc6
16.Rad1 Nd4 17.Nxd4 cxd4 18.e3 e5 19.exd4 Bf5 20.Ne4 exd4 21.Qc5 Rf7 22.
Rd2 Qe7 23.Qxe7 Rxe7 24.Nc5 Rbe8 25.Bxd4 Re2 26.Rxe2 Rxe2 27.Bxg7 Kxg7 28.
Nxa6 Rxa2 29.Nxc7 Rb2 30.Ne8+ Kh6 31.Nd6 Rxb3 32.Nxf5+ gxf5 33.Rc1 b4 34.
Rc6+ Kg7 35.Rc7+ Kf6 36.Rxh7 Rb1+ 37.Bf1 Ng7 38.f4 b3 39.Rh6+ Ke7 40.Rb6 
Ne6 41.Kf2 Nc5 42.Bh3 Ne4+ 43.Ke3 Nd6 44.Kd3 b2 45.Kc3 Rc1+ 46.Kxb2 Rh1 
47.Kc3 Rxh2 48.Bf1 Rf2 49.Bd3 Rf3 50.Kd4 1/2-1/2

[Event "2 IECC, Ohrid"]
[Site "Ohrid MKD"]
[Date "2001.06.10"]
[Round "9.69"]
[White "Turov, Maxim"]
[Black "Dervishi, Erald"]
[Result "1-0"]
[WhiteElo "2553"]
[BlackElo "2491"]
[EventDate "2001.06.01"]
[PlyCount "94"]

1.e4 e5 2.Nf3 Nc6 3.Bc4 Nf6 4.d3 Be7 5.O-O O-O 6.Re1 d6 7.c3 Na5 8.Bb5 a6 
9.Ba4 b5 10.Bc2 c5 11.Nbd2 Re8 12.Nf1 Bf8 13.h3 Bb7 14.Bg5 h6 15.Bh4 g6 
16.Ne3 Bg7 17.Qd2 h5 18.b4 Nc6 19.Nd5 Nb8 20.Bb3 Nbd7 21.a3 Rc8 22.Qa2 Rf8
23.Nd2 Nb6 24.Ne3 Qe8 25.f3 Nh7 26.bxc5 dxc5 27.a4 Bc6 28.Bf2 bxa4 29.Bc2 
Bf6 30.Ndc4 Nxc4 31.dxc4 Be7 32.Nd5 Ng5 33.Bxa4 Ne6 34.Reb1 Bd8 35.Bxc6 
Rxc6 36.Rb8 Kg7 37.Rab1 f6 38.Qa4 Rd6 39.R1b7+ Kh6 40.Qxe8 Rxe8 41.Be3+ g5
42.Nxf6 Rf8 43.Nd7 Rf7 44.Nxe5 Rxb7 45.Rxb7 Rd1+ 46.Kf2 Bc7 47.Nf7+ Kg7 
1-0

[Event "2 IECC, Ohrid"]
[Site "Ohrid MKD"]
[Date "2001.06.10"]
[Round "9.70"]
[White "Bogdanovski, Vlatko"]
[Black "Narciso Dublan, Marc"]
[Result "1/2-1/2"]
[WhiteElo "2463"]
[BlackElo "2544"]
[EventDate "2001.06.01"]
[PlyCount "159"]

1.d4 Nf6 2.Nf3 d5 3.c4 e6 4.g3 dxc4 5.Bg2 Nc6 6.Qa4 Bb4+ 7.Bd2 Nd5 8.Bxb4 
Nxb4 9.O-O a6 10.Ne5 O-O 11.Nxc6 Nxc6 12.Bxc6 bxc6 13.Rd1 Rb8 14.Rd2 h5 
15.Qxc4 h4 16.Nc3 Qg5 17.Rad1 Qh6 18.Qc5 Re8 19.b3 Bd7 20.Rd3 f6 21.e4 Ra8
22.Qa5 Ra7 23.Na4 c5 24.Qxc5 Rb7 25.Nc3 Kf7 26.g4 Kg8 27.h3 Qg6 28.Kh2 Qh6
29.Rf3 Rf8 30.Rg1 g5 31.d5 Qg7 32.dxe6 Bxe6 33.Rd1 Rbb8 34.Rfd3 Rbe8 35.
Rd4 Bc8 36.R1d2 Kh7 37.Nd5 Rf7 38.Ne3 Re5 39.Qc2 Qg6 40.f3 Be6 41.Rd8 Qg7 
42.Kg2 a5 43.Qc6 Re7 44.Ra8 Bd7 45.Qc2 Be6 46.Rdd8 Rd7 47.Qc6 Rxd8 48.Rxd8
Kg6 49.Qe8+ Bf7 50.Qd7 Be6 51.Qe8+ Bf7 52.Qc6 Be6 53.Kf2 Qe7 54.Qe8+ Qxe8 
55.Rxe8 Kf7 56.Ra8 Ke7 57.Ke2 Rb5 58.Kd3 Kd6 59.Ra6+ Ke5 60.Nc2 Rc5 61.Nd4
Bd7 62.a3 Kf4 63.Rxf6+ Kg3 64.b4 axb4 65.axb4 Bb5+ 66.Kd2 Re5 67.Rf5 Rxf5 
68.gxf5 Bc4 69.Ne6 Kxf3 70.Nxg5+ Kf4 71.Ne6+ Kxe4 72.Nxc7 Kxf5 73.Ke3 Bf1 
74.b5 Bxh3 75.b6 Bg2 76.Kf2 Bb7 77.Kg1 Ke5 78.Kh2 Kd6 79.Kh3 Kc6 80.Kxh4 
1/2-1/2

[Event "2 IECC, Ohrid"]
[Site "Ohrid MKD"]
[Date "2001.06.10"]
[Round "9.71"]
[White "Jobava, Baadur"]
[Black "Izoria, Zviad"]
[Result "1/2-1/2"]
[WhiteElo "2543"]
[BlackElo "2489"]
[EventDate "2001.06.01"]
[PlyCount "25"]

1.d4 d5 2.Nf3 e6 3.c4 dxc4 4.e3 c5 5.Bxc4 a6 6.Bb3 Nf6 7.O-O cxd4 8.exd4 
Nc6 9.Nc3 Be7 10.Bg5 O-O 11.Re1 b5 12.d5 Nxd5 13.Bxd5 1/2-1/2

[Event "2 IECC, Ohrid"]
[Site "Ohrid MKD"]
[Date "2001.06.10"]
[Round "9.74"]
[White "Slobodjan, Roman"]
[Black "Rogic, Davor"]
[Result "1/2-1/2"]
[WhiteElo "2529"]
[BlackElo "2457"]
[EventDate "2001.06.01"]
[PlyCount "77"]

1.e4 e5 2.Nf3 Nc6 3.Bb5 a6 4.Ba4 Nf6 5.O-O Be7 6.Re1 b5 7.Bb3 d6 8.a3 O-O 
9.h3 Re8 10.Nc3 Na5 11.Ba2 c5 12.d3 Be6 13.Bg5 Bxa2 14.Rxa2 Nd7 15.Bd2 Nc6
16.Nh2 Bg5 17.Ng4 Bxd2 18.Qxd2 Nb6 19.Ne3 Ne7 20.Raa1 Qd7 21.Rf1 d5 22.
exd5 Nexd5 23.Rae1 Nf4 24.Qd1 Rad8 25.Qf3 f6 26.Ne4 Qc8 27.Qg4 Qxg4 28.
hxg4 Ne6 29.Rb1 Nd5 30.Rfe1 Nxe3 31.Rxe3 h6 32.f3 Re7 33.Kf2 Rc7 34.Rc1 
Kf7 35.Ree1 Ke7 36.Red1 Rcd7 37.Re1 Rc7 38.Red1 Rcd7 39.Re1 1/2-1/2

[Event "2 IECC, Ohrid"]
[Site "Ohrid MKD"]
[Date "2001.06.10"]
[Round "9.76"]
[White "Burmakin, Vladimir"]
[Black "Efimenko, Zahar"]
[Result "1-0"]
[WhiteElo "2522"]
[BlackElo "2439"]
[EventDate "2001.06.01"]
[PlyCount "61"]

1.d4 Nf6 2.Nf3 g6 3.c4 Bg7 4.g3 O-O 5.Bg2 d6 6.O-O Nbd7 7.Nc3 e5 8.h3 a6 
9.Qc2 exd4 10.Nxd4 Ne5 11.Nd5 c5 12.Nxf6+ Qxf6 13.Nb3 Bf5 14.e4 Be6 15.f4 
Nxc4 16.f5 Na3 17.Qd1 gxf5 18.exf5 Bc4 19.Rf2 Rad8 20.Qg4 h5 21.Qxh5 Qe5 
22.Bf4 Qe7 23.Bh6 Bf6 24.Rc1 Rfe8 25.bxa3 Be2 26.Bf3 Bd3 27.Bd5 c4 28.Bxc4
Qe1+ 29.Rxe1 Rxe1+ 30.Kh2 Bxc4 31.Qg4+ 1-0

[Event "2 IECC, Ohrid"]
[Site "Ohrid MKD"]
[Date "2001.06.10"]
[Round "9.77"]
[White "Roder, Matthias"]
[Black "Sargissian, Gabriel"]
[Result "1-0"]
[WhiteElo "2459"]
[BlackElo "2517"]
[EventDate "2001.06.01"]
[PlyCount "129"]

1.d4 Nf6 2.c4 d6 3.Nf3 Nbd7 4.Nc3 c6 5.g3 e5 6.e4 Be7 7.Bg2 O-O 8.O-O Qc7 
9.h3 a6 10.a4 a5 11.Be3 Re8 12.Re1 exd4 13.Nxd4 Nc5 14.f4 Bf8 15.Bf2 Nfd7 
16.Rc1 g6 17.Rc2 Na6 18.Rd2 Nb4 19.b3 Nc5 20.Nf3 Be6 21.Bd4 Rad8 22.Bf6 
Be7 23.Bxe7 Qxe7 24.Nd5 Bxd5 25.exd5 Qd7 26.Rxe8+ Qxe8 27.dxc6 Qe3+ 28.Kh2
Qxb3 29.Rxd6 Qxd1 30.Rxd1 Nxc6 31.Rb1 Nb4 32.Ne5 Rd2 33.Ng4 b6 34.Kg1 Nxa4
35.Re1 Nc5 36.Re7 a4 37.Ra7 Nba6 38.Bd5 Rxd5 39.Nf6+ Kg7 40.Nxd5 a3 41.Nc3
Kf6 42.Kg2 h5 43.Ne4+ Nxe4 44.Rxa6 Ke7 45.Rxa3 Nd6 46.Ra7+ Ke8 47.Rc7 Kd8 
48.Rc6 Kd7 49.Rxb6 Nxc4 50.Ra6 Nd6 51.g4 hxg4 52.hxg4 Ke7 53.Kh3 Ne4 54.
Ra4 Nc5 55.Rc4 Ne6 56.f5 gxf5 57.gxf5 Ng7 58.Rc7+ Kf6 59.Kg4 Ne8 60.Rc6+ 
Kg7 61.Kg5 f6+ 62.Kh5 Kf7 63.Ra6 Ng7+ 64.Kg4 Ne8 65.Re6 1-0

[Event "2 IECC, Ohrid"]
[Site "Ohrid MKD"]
[Date "2001.06.10"]
[Round "9.78"]
[White "Shneider, Alexander"]
[Black "Basagic, Zlatko"]
[Result "0-1"]
[WhiteElo "2516"]
[BlackElo "2345"]
[EventDate "2001.06.01"]
[PlyCount "134"]

1.d4 g6 2.c4 Bg7 3.Nc3 d6 4.e4 e5 5.d5 f5 6.exf5 gxf5 7.f4 Nf6 8.Nf3 O-O 
9.Be2 Nh5 10.fxe5 dxe5 11.O-O Nf4 12.Bxf4 exf4 13.Qd2 Qd6 14.Nb5 Qh6 15.d6
Na6 16.c5 Kh8 17.Rac1 Rd8 18.b4 c6 19.Nbd4 Nb8 20.Bc4 a5 21.bxa5 Na6 22.
Bxa6 Rxa6 23.Rce1 Bf6 24.Ne6 Rg8 25.d7 Bxd7 26.Qxd7 Rxa5 27.Re2 Ra3 28.Qd2
Re8 29.Nfd4 Re3 30.Rxe3 fxe3 31.Qe2 Be5 32.g3 f4 33.Rxf4 Bxf4 34.Nxf4 Qf6 
35.Nf3 Qc3 36.Nd3 Kg8 37.Kg2 Qc4 38.Nfe1 Qe6 39.Qh5 Qxa2+ 40.Kh3 Qf7 41.
Qg4+ Qg6 42.Qf4 Qh5+ 43.Qh4 Qxh4+ 44.Kxh4 Kf7 45.Kg4 Ke6 46.Kf3 Kd5 47.g4 
Kd4 48.h4 e2 49.Nf4 Kxc5 50.Nxe2 b5 51.g5 Kc4 52.Ng2 b4 53.Ne3+ Kd3 54.
Nc1+ Kd2 55.Nb3+ Kc3 56.Nc5 b3 57.Ng4 Kc4 58.Nxb3 Kxb3 59.Nf6 Re7 60.Kf4 
Kc4 61.h5 Kd4 62.g6 hxg6 63.hxg6 c5 64.Nh5 c4 65.g7 Re8 66.Nf6 Rd8 67.Kf3 
c3 0-1

[Event "2 IECC, Ohrid"]
[Site "Ohrid MKD"]
[Date "2001.06.10"]
[Round "9.79"]
[White "Weiss, Christian"]
[Black "Smirnov, Pavel"]
[Result "0-1"]
[WhiteElo "2368"]
[BlackElo "2511"]
[EventDate "2001.06.01"]
[PlyCount "64"]

1.c4 g6 2.Nc3 Bg7 3.g3 e5 4.d3 f5 5.e4 Nf6 6.exf5 gxf5 7.Bh3 d6 8.Bg5 O-O 
9.Nge2 Nc6 10.f4 Be6 11.O-O Qd7 12.Qb3 Ng4 13.Nd5 b5 14.Qxb5 Rfe8 15.Bxg4 
Rab8 16.Qa6 fxg4 17.Nf6+ Bxf6 18.Bxf6 Rxb2 19.Rf2 Reb8 20.fxe5 Nb4 21.Qxa7
Nxd3 22.Rff1 Nxe5 23.Qe3 Qe8 24.Nd4 Bxc4 25.Nf5 Bxf1 26.Rxf1 Rb1 27.Qg5+ 
Qg6 28.Ne7+ Kf7 29.Nxg6 Nf3+ 30.Kg2 Nxg5 31.Nh8+ Ke6 32.Rf4 Nh3 0-1

[Event "2 IECC, Ohrid"]
[Site "Ohrid MKD"]
[Date "2001.06.10"]
[Round "9.80"]
[White "Kuczynski, Robert"]
[Black "Gunnarsson, Jon Viktor"]
[Result "0-1"]
[WhiteElo "2509"]
[BlackElo "2366"]
[EventDate "2001.06.01"]
[PlyCount "140"]

1.e4 e6 2.d4 d5 3.Nc3 Nf6 4.e5 Nfd7 5.f4 c5 6.Nf3 Nc6 7.Be3 cxd4 8.Nxd4 
Bc5 9.Qd2 O-O 10.g3 a6 11.Bg2 Nxd4 12.Bxd4 b5 13.Ne2 Qc7 14.Bxc5 Nxc5 15.
Nd4 Bb7 16.O-O Ne4 17.Qe3 b4 18.a4 Rac8 19.g4 Qb6 20.a5 Qa7 21.f5 exf5 22.
gxf5 Rfe8 23.e6 fxe6 24.fxe6 Rxe6 25.Rae1 Rg6 26.Kh1 Re8 27.c3 bxc3 28.
bxc3 Qb8 29.Qf3 Rf6 30.Qh5 Re5 31.Qh4 Rh6 32.Qf4 Qe8 33.Nf3 Re7 34.Kg1 Rf6
35.Qh4 Nxc3 36.Qb4 Ne4 37.Nd4 Rxf1+ 38.Rxf1 Bc8 39.Qb3 Nf6 40.Bxd5+ Nxd5 
41.Qxd5+ Kh8 42.Nc6 Re1 43.Ne5 Be6 44.Qd6 Rxf1+ 45.Kxf1 h6 46.h4 Bf5 47.
Kf2 Kh7 48.Kg3 Qb5 49.Qe7 Qxa5 50.Kf4 Bc2 51.Nd7 Qd2+ 52.Kg3 Qc3+ 53.Kf2 
Qd4+ 54.Kf3 Bd1+ 55.Kg2 Bc2 56.Kf3 a5 57.Nf8+ Kg8 58.Ne6 Qf6+ 59.Qxf6 gxf6
60.Nd4 Bd1+ 61.Ke3 a4 62.Kd2 Bb3 63.Nf5 Kh7 64.h5 Bf7 65.Ng3 a3 66.Kc3 a2 
67.Kb2 Be6 68.Ne2 Kg7 69.Nd4 Kf7 70.Nc6 f5 0-1

[Event "2 IECC, Ohrid"]
[Site "Ohrid MKD"]
[Date "2001.06.10"]
[Round "9.82"]
[White "Miladinovic, Igor"]
[Black "Stanojoski, Zvonko"]
[Result "1/2-1/2"]
[WhiteElo "2519"]
[BlackElo "2435"]
[EventDate "2001.06.01"]
[PlyCount "130"]

1.d4 d5 2.Bg5 c5 3.dxc5 Qa5+ 4.c3 Qxc5 5.Nd2 e6 6.Ngf3 Be7 7.e4 Bxg5 8.
Nxg5 h6 9.Ngf3 Nf6 10.Bd3 dxe4 11.Nxe4 Nxe4 12.Bxe4 O-O 13.O-O Nd7 14.Qe2 
Nf6 15.Rfd1 Qb6 16.Rd2 Rd8 17.Rxd8+ Qxd8 18.Rd1 Qc7 19.Ne5 Bd7 20.Nxd7 
Nxd7 21.g3 Nf6 22.Bf3 Rc8 23.a4 b6 24.Qa6 g5 25.h3 Kg7 26.Kg2 Re8 27.Qb7 
Re7 28.Qxc7 Rxc7 29.Rd8 Rd7 30.Ra8 h5 31.Kf1 g4 32.hxg4 hxg4 33.Bc6 Rc7 
34.Bg2 Nd7 35.Be4 Ne5 36.Rd8 Nc4 37.b3 Ne5 38.c4 f5 39.Bg2 Nd7 40.b4 Ne5 
41.a5 Rxc4 42.Ra8 Rxb4 43.Rxa7+ Kf6 44.a6 Nf3 45.Rb7 Rb2 46.a7 Ra2 47.Bxf3
gxf3 48.Kg1 Kg5 49.Rg7+ Kf6 50.Rb7 f4 51.gxf4 Kf5 52.Rf7+ Kg4 53.Re7 b5 
54.Rb7 Kxf4 55.Rxb5 Rxa7 56.Rb4+ Kf5 57.Rb3 Rg7+ 58.Kf1 Kf4 59.Rb4+ Kg5 
60.Ke1 e5 61.Kd2 Ra7 62.Ke3 Ra3+ 63.Ke4 Kg4 64.Rb8 Ra4+ 65.Ke3 e4 1/2-1/2

[Event "2 IECC, Ohrid"]
[Site "Ohrid MKD"]
[Date "2001.06.10"]
[Round "9.83"]
[White "Rabiega, Robert"]
[Black "Hillarp Persson, Tiger"]
[Result "1/2-1/2"]
[WhiteElo "2517"]
[BlackElo "2443"]
[EventDate "2001.06.01"]
[PlyCount "144"]

1.e4 e6 2.d4 d5 3.Nc3 dxe4 4.Nxe4 Bd7 5.Nf3 Bc6 6.Bd3 Nd7 7.O-O Ngf6 8.
Ned2 Be7 9.Re1 O-O 10.Nc4 Bd5 11.Nce5 c5 12.c4 Bxf3 13.Nxf3 cxd4 14.Nxd4 
Qb6 15.Nb3 Qc7 16.Bf1 Bb4 17.Bd2 Bxd2 18.Qxd2 Rfd8 19.Qe2 Nb8 20.Rad1 Nc6 
21.Rxd8+ Rxd8 22.Rd1 a5 23.Rxd8+ Qxd8 24.Nc5 Qd4 25.Nxb7 Qb6 26.Nd6 Nd4 
27.Qe5 Qxb2 28.Qxa5 h6 29.h3 Qa1 30.Qd2 e5 31.Nb5 Ne4 32.Qe3 f5 33.a4 Ne6 
34.Qa3 Qe1 35.Qe3 Qb4 36.f3 Qc5 37.Qxc5 N4xc5 38.a5 Kf8 39.Kf2 Ke7 40.Ke3 
f4+ 41.Ke2 Kd7 42.Kd1 Nd4 43.Kd2 Nc6 44.Bd3 Nxa5 45.Kc3 Kc6 46.Bg6 Na6 47.
Bf7 Nc5 48.Be8+ Kb6 49.Nd6 Ncb7 50.Nf5 Kc5 51.Nxg7 Nxc4 52.Ne6+ Kd6 53.
Nxf4 Ne3 54.Nd3 Nxg2 55.Kd2 Kd5 56.Nb4+ Kc5 57.Nc2 Nd6 58.Bd7 Nc4+ 59.Ke2 
Kd6 60.Bf5 Ke7 61.Kf2 Nf4 62.Kg3 Kf6 63.Be4 Kg5 64.h4+ Kf6 65.Kg4 Ke6 66.
Bf5+ Kf6 67.Be4 Nd2 68.Ne3 h5+ 69.Kg3 Ke6 70.Nf5 Kf6 71.Ne3 Ne2+ 72.Kf2 
Nf4 1/2-1/2

[Event "2 IECC, Ohrid"]
[Site "Ohrid MKD"]
[Date "2001.06.10"]
[Round "9.85"]
[White "Fedorchuk, Serhii"]
[Black "Mitkov, Marjan"]
[Result "1-0"]
[WhiteElo "2528"]
[BlackElo "2424"]
[EventDate "2001.06.01"]
[PlyCount "75"]

1.e4 e5 2.Nf3 Nc6 3.Bb5 a6 4.Ba4 Nf6 5.O-O Be7 6.Re1 b5 7.Bb3 d6 8.c3 O-O 
9.h3 Nd7 10.d3 Bb7 11.Bc2 Bf6 12.Nbd2 Ne7 13.Nf1 c5 14.Ne3 d5 15.Ng4 Ng6 
16.a4 Re8 17.Bb1 Bc6 18.exd5 Bxd5 19.Ba2 Nb6 20.Bxd5 Nxd5 21.Qb3 Qd7 22.
Be3 Rac8 23.axb5 axb5 24.Ra5 Nc7 25.Bxc5 Qxd3 26.Bb6 e4 27.Nxf6+ gxf6 28.
Nh2 f5 29.Bxc7 Rxc7 30.Rxb5 Qd2 31.Rd1 Qg5 32.Ng4 Nh4 33.Qa4 Rce7 34.Qd4 
Re6 35.Qe3 Qg7 36.Qg3 Nxg2 37.Rxf5 e3 38.Kxg2 1-0

[Event "2 IECC, Ohrid"]
[Site "Ohrid MKD"]
[Date "2001.06.10"]
[Round "9.89"]
[White "Petrov, Marijan"]
[Black "Kempinski, Robert"]
[Result "0-1"]
[WhiteElo "2425"]
[BlackElo "2582"]
[EventDate "2001.06.01"]
[PlyCount "78"]

1.e4 c5 2.c3 d6 3.d4 Nf6 4.dxc5 Nc6 5.Qc2 dxc5 6.Bf4 g6 7.Nf3 Bg7 8.Nbd2 
O-O 9.Rd1 Be6 10.Nb3 Qb6 11.Nfd2 Rfd8 12.Be3 Nd7 13.Be2 Rac8 14.Nc4 Qc7 
15.O-O b5 16.Ncd2 c4 17.Nd4 Nxd4 18.cxd4 Nb6 19.d5 Bd7 20.Nf3 b4 21.Rc1 
Qb7 22.Bd4 Bh6 23.Be3 Bxe3 24.fxe3 c3 25.Ne5 Be8 26.Bg4 Rc7 27.Qf2 f6 28.
Be6+ Kh8 29.bxc3 Rxc3 30.Rxc3 bxc3 31.Qh4 h5 32.Rxf6 exf6 33.Qxf6+ Qg7 34.
Qxd8 Qxe5 35.Qxe8+ Kg7 36.Qc6 Kh6 37.Bf5 Qg7 38.a4 c2 39.Kf2 Nc4 0-1

[Event "2 IECC, Ohrid"]
[Site "Ohrid MKD"]
[Date "2001.06.10"]
[Round "9.91"]
[White "Kutirov, Rolando"]
[Black "Guliev, Sarhan"]
[Result "0-1"]
[WhiteElo "2381"]
[BlackElo "2528"]
[EventDate "2001.06.01"]
[PlyCount "70"]

1.d4 d5 2.c4 e6 3.Nf3 c6 4.Qc2 f5 5.g3 Nf6 6.Bg2 Bd6 7.O-O O-O 8.b3 Qe7 9.
Bb2 b6 10.Ne5 Bb7 11.Nd2 a5 12.Nd3 Na6 13.Rac1 Ne4 14.f3 Nxd2 15.Qxd2 c5 
16.e3 Nb4 17.Ba1 Rfd8 18.Rfe1 a4 19.Nxb4 cxb4 20.Bb2 axb3 21.axb3 dxc4 22.
bxc4 Ra2 23.Ra1 Rda8 24.Rxa2 Rxa2 25.Ra1 Rxa1+ 26.Bxa1 Qc7 27.Qd3 Bc6 28.
d5 Bd7 29.f4 e5 30.fxe5 Bxe5 31.d6 Bxd6 32.Qd4 Be8 33.Bd5+ Kf8 34.Kf2 Bc5 
35.Qh4 h6 0-1

[Event "2 IECC, Ohrid"]
[Site "Ohrid MKD"]
[Date "2001.06.10"]
[Round "9.92"]
[White "Stamenkov, Vanco"]
[Black "Zuger, Beat"]
[Result "1-0"]
[WhiteElo "2380"]
[BlackElo "2448"]
[EventDate "2001.06.01"]
[PlyCount "89"]

1.d4 Nf6 2.Nf3 d6 3.g3 g6 4.Bg2 Bg7 5.O-O O-O 6.b3 c5 7.Bb2 cxd4 8.Nxd4 d5
9.h3 Qb6 10.e3 Rd8 11.Nd2 e5 12.N4f3 Ne4 13.Nxe4 dxe4 14.Nd2 f5 15.Qe2 Be6
16.Rfd1 Nc6 17.a3 a5 18.Bf1 Qc5 19.Rac1 h5 20.Qb5 Qe7 21.Nc4 f4 22.gxf4 
Qh4 23.Nxe5 Nxe5 24.Bxe5 Bxh3 25.Bxh3 Qxh3 26.Rxd8+ Rxd8 27.Qc4+ Kh7 28.
Qxe4 Qg4+ 29.Qg2 Rd1+ 30.Rxd1 Qxd1+ 31.Kh2 Bxe5 32.fxe5 Qxc2 33.Qxb7+ Kh6 
34.Qf7 h4 35.e6 g5 36.e7 Qc7+ 37.f4 Qc2+ 38.Kh3 g4+ 39.Kxg4 Qd1+ 40.Kf5 
Qc2+ 41.e4 Qc5+ 42.e5 Qc2+ 43.Kf6 Qc6+ 44.Qe6 Qg2 45.e8=Q 1-0

[Event "2 IECC, Ohrid"]
[Site "Ohrid MKD"]
[Date "2001.06.10"]
[Round "9.94"]
[White "Petkovski, Vlatko"]
[Black "Dancevski, Orce"]
[Result "0-1"]
[WhiteElo "2265"]
[BlackElo "2428"]
[EventDate "2001.06.01"]
[PlyCount "54"]

1.e4 c5 2.Nf3 Nc6 3.d4 cxd4 4.Nxd4 g6 5.Nc3 Bg7 6.Be3 Nf6 7.Bc4 O-O 8.Bb3 
d6 9.h3 a6 10.O-O Na5 11.Re1 Bd7 12.Bg5 h6 13.Bh4 Nxb3 14.axb3 Re8 15.Qd2 
Nh5 16.g4 Bxd4 17.Qxd4 Nf4 18.Kh2 e5 19.Bxd8 exd4 20.Bf6 dxc3 21.Bxc3 Bc6 
22.Kg3 g5 23.f3 d5 24.e5 Ne6 25.h4 Kg7 26.Bd2 d4 27.h5 Rad8 0-1

[Event "2 IECC, Ohrid"]
[Site "Ohrid MKD"]
[Date "2001.06.10"]
[Round "9.95"]
[White "Likavsky, Tomas"]
[Black "Brendel, Oliver"]
[Result "1/2-1/2"]
[WhiteElo "2425"]
[BlackElo "2389"]
[EventDate "2001.06.01"]
[PlyCount "123"]

1.d4 Nf6 2.c4 g6 3.Nc3 d5 4.cxd5 Nxd5 5.e4 Nxc3 6.bxc3 c5 7.Nf3 Bg7 8.Be3 
Nc6 9.Qd2 Qa5 10.Rc1 cxd4 11.cxd4 Qxd2+ 12.Kxd2 O-O 13.d5 Rd8 14.Ke1 Na5 
15.Bg5 Bd7 16.Bd3 Rdc8 17.Ke2 e6 18.Rxc8+ Rxc8 19.Rc1 Rxc1 20.Bxc1 exd5 
21.exd5 b5 22.Be3 a6 23.Nd2 f5 24.Bb6 Nb7 25.Nf3 Be8 26.Ng5 Bf7 27.Nxf7 
Kxf7 28.f3 Ke7 29.Bc7 Nc5 30.Bc2 Kd7 31.Bf4 a5 32.Kd2 a4 33.Kc1 b4 34.Kb1 
b3 35.axb3 axb3 36.Bd1 Bd4 37.Be2 b2 38.Bb5+ Ke7 39.h3 Nb7 40.Bc6 Nd6 41.
Bd2 Kf6 42.Bb4 Be5 43.f4 Bxf4 44.Kxb2 Ne4 45.Kc2 Bd6 46.Ba5 Ke5 47.Kd3 Kf4
48.Be1 Ke5 49.Ke3 g5 50.g4 f4+ 51.Kf3 h6 52.Ba5 Bb8 53.Bb7 Bd6 54.Ba6 Kd4 
55.Bb7 Ke5 56.Bc8 Kd4 57.Be6 Nf6 58.Bd8 Nxd5 59.h4 Be7 60.hxg5 hxg5 61.
Bxd5 Bxd8 62.Bb7 1/2-1/2

[Event "2 IECC, Ohrid"]
[Site "Ohrid MKD"]
[Date "2001.06.10"]
[Round "9.99"]
[White "Gicov, Zoran"]
[Black "Haznedaroglu, Kivanc"]
[Result "0-1"]
[WhiteElo "2257"]
[BlackElo "2358"]
[EventDate "2001.06.01"]
[PlyCount "98"]

1.e4 e5 2.Nf3 Nc6 3.d4 exd4 4.c3 d5 5.exd5 Qxd5 6.cxd4 Bg4 7.Be2 O-O-O 8.
Nc3 Bb4 9.O-O Qd7 10.Qa4 Nge7 11.d5 Nxd5 12.Nxd5 Qxd5 13.a3 Qe6 14.Be3 Be7
15.Rac1 Bf5 16.Rxc6 Qxc6 17.Qxa7 Bf6 18.Rc1 Qd6 19.Bb6 c6 20.Qa8+ Qb8 21.
Qa5 Be6 22.Bxd8 Rxd8 23.b4 Qf4 24.Rf1 Qe4 25.Bd1 Qd3 26.h3 Qd5 27.Qa7 Qd6 
28.Be2 Qb8 29.Qe3 Bd5 30.b5 Qd6 31.a4 Kb8 32.a5 cxb5 33.Bxb5 Qb4 34.Bd3 
Qxa5 35.Bxh7 Qc3 36.Qf4+ Qc7 37.Qg4 g6 38.Rd1 Be6 39.Rxd8+ Bxd8 40.Qd4 
Qc1+ 41.Kh2 Bc7+ 42.g3 Qh6 43.Qh4 Qg7 44.Nd4 Bd5 45.Ne2 Qa1 46.Ng1 Qf1 47.
f3 Bb6 48.Qf4+ Kc8 49.Qc1+ Qxc1 0-1

[Event "2 IECC, Ohrid"]
[Site "Ohrid MKD"]
[Date "2001.06.10"]
[Round "9.101"]
[White "Grant, Jonathan"]
[Black "Vasovski, Nikola"]
[Result "0-1"]
[WhiteElo "2218"]
[BlackElo "2359"]
[EventDate "2001.06.01"]
[PlyCount "90"]

1.c4 c5 2.Nc3 Nc6 3.g3 g6 4.Bg2 Bg7 5.e4 e6 6.Nge2 Nge7 7.d3 O-O 8.O-O d6 
9.Be3 Nd4 10.Rb1 Rb8 11.b4 b6 12.Qd2 Nec6 13.b5 Ne7 14.Bh6 f5 15.a4 Bb7 
16.Bxg7 Kxg7 17.f4 Qd7 18.Rbe1 Rbe8 19.Qb2 Kg8 20.h3 Nc8 21.Kh2 Re7 22.
Nxd4 cxd4 23.Na2 fxe4 24.Bxe4 Bxe4 25.Rxe4 e5 26.Nb4 Ref7 27.g4 Ne7 28.Qd2
Qc7 29.Kg1 Qc5 30.Na6 Qc8 31.a5 bxa5 32.Qxa5 h5 33.Qe1 hxg4 34.h4 Nf5 35.
fxe5 dxe5 36.Rxe5 Ne3 37.Rxf7 Rxf7 38.Qe2 Qf8 39.Rxe3 dxe3 40.Qxe3 Rf3 41.
Qe6+ Kh7 42.Qe2 Qd6 43.c5 Qg3+ 44.Qg2 Qe1+ 45.Kh2 g3+ 0-1